Delivering property searches (Record no. 106913)

MARC details
000 -LEADER
fixed length control field 01308cad a22002055a 4500
001 - CONTROL NUMBER
control field L137867
008 - FIXED-LENGTH DATA ELEMENTS--GENERAL INFORMATION
fixed length control field 110623s2007 xxk f f000 0 eng d
035 ## - SYSTEM CONTROL NUMBER
System control number (Sirsi) u137867
041 0# - LANGUAGE CODE
Language code of text/sound track or separate title eng
110 1# - MAIN ENTRY--CORPORATE NAME
Corporate name or jurisdiction name as entry element United Kingdom
Subordinate unit Department for Communities and Local Government
9 (RLIN) 4939
245 00 - TITLE STATEMENT
Title Delivering property searches
Remainder of title good practice guidance for local authorities and personal searchers
-- a consultation paper
Medium [electronic resource]
260 ## - PUBLICATION, DISTRIBUTION, ETC.
Place of publication, distribution, etc. London
Name of publisher, distributor, etc. DCLG
Date of publication, distribution, etc. 2007
520 ## - SUMMARY, ETC.
Summary, etc. Responses to be received by 26 June 2007. Seeks views on best practice guidance relating to delivery of property searches to LAs and personal searchers. Sets out how the government intends to implement recommendations made in an OFT Market Study in September 2005 that LAs make unrefined information available to all, including third party searchers. This will affect the searches included in HIPs. Includes guidance for consultation purposes on timescales and pricing.
590 ## - LOCAL NOTE (RLIN)
Local note KA
650 24 - SUBJECT ADDED ENTRY--TOPICAL TERM
Topical term or geographic name entry element HOME INFORMATION PACKS
651 #4 - SUBJECT ADDED ENTRY--GEOGRAPHIC NAME
Geographic name England and Wales
Chronological subdivision 1543-
690 ## - LOCAL SUBJECT ADDED ENTRY--TOPICAL TERM (OCLC, RLIN)
Topical term or geographic name as entry element PROPERTY-PROPERTY ACQUISITION AND DISPOSAL
856 40 - ELECTRONIC LOCATION AND ACCESS
Uniform Resource Identifier <a href="https://tna.europarchive.org/20110203045449/http://www.communities.gov.uk/documents/housing/pdf/319768.pdf">https://tna.europarchive.org/20110203045449/http://www.communities.gov.uk/documents/housing/pdf/319768.pdf</a>
Public note View the item free of charge at http://tna.europarchive.org
942 ## - ADDED ENTRY ELEMENTS (KOHA)
Suppress in OPAC 0
Holdings
Withdrawn status Lost status Source of classification or shelving scheme Damaged status Not for loan Home library Current library Shelving location Date acquired Total Checkouts Full call number Barcode Date last seen Copy number Price effective from Koha item type
    Dewey Decimal Classification     Virtual Virtual Online 03/05/2007   ONLINE PUBLICATION 137867-1001 06/08/2019 1 06/08/2019 Journal article